Environmental toxicity testing (Record no. 42293)

MARC details
000 -LEADER
fixed length control field 00610nam a2200169 a 4500
008 - FIXED-LENGTH DATA ELEMENTS--GENERAL INFORMATION
fixed length control field 120416s0000 ||||||||||||||||| || u
020 ## - INTERNATIONAL STANDARD BOOK NUMBER
International Standard Book Number 0849323991
050 ## - LIBRARY OF CONGRESS CALL NUMBER
Classification number RA 1226 Env
100 ## - MAIN ENTRY--PERSONAL NAME
Personal name Thompson, Clive K
245 10 - TITLE STATEMENT
Title Environmental toxicity testing
Statement of responsibility, etc. edited by K. Clive Thompson
260 ## - PUBLICATION, DISTRIBUTION, ETC.
Place of publication, distribution, etc. Oxford
Name of publisher, distributor, etc. Blackwell
Date of publication, distribution, etc. 2005
300 ## - PHYSICAL DESCRIPTION
Extent xiii, 388p. : ill.
350 ## - PRICE (NR) (BK AM CF MU VM SE) [OBSOLETE]
Price 0.00
700 ## - ADDED ENTRY--PERSONAL NAME
Personal name Wadhia, Kirit
700 ## - ADDED ENTRY--PERSONAL NAME
Personal name Loibner, Andreas P
995 ## - RECOMMENDATION 995 [LOCAL, UNIMARC FRANCE]
-- 0.00
-- CBU-MAIN LIBRARY (Kitwe)
-- 1
-- 20.00
-- 1
-- AVAILABLE
-- Apr 10, 2007
-- Main Library Open Access Collection
Holdings
Withdrawn status Lost status Source of classification or shelving scheme Damaged status Not for loan Home library Current library Shelving location Date acquired Total Checkouts Full call number Barcode Date last seen Price effective from Koha item type
          CBU-MAIN LIBRARY, KITWE. CBU-MAIN LIBRARY, KITWE.   11/30/2022   RA 1226 Env 40649 11/30/2022 11/30/2022 MONOGRAPH